=LDR 00000nam 2200000 4500 =001 INLIS000000000005336 =005 20251013022028 =035 ##$$a 0010-1025000391 =007 ta =008 251013###########################0#ind## =082 ##$$a 025.060 =084 ##$$a 025.060 BAD l =100 #$$a Badan Koordinasi Keluarga Berencana Nasional =245 1#$$a Laporan Study Tour Jaringan Informasi dan Dokumentasi /$c Badan Koordinasi Keluarga Berencana Nasional =260 ##$:$b Badan Koordinasi Keluarga Berencana Nasional =300 ##$$a 36 Hal : $b Ilus ; $c 21 =650 #4$$a Keluarga Berencana =856 ##$$a Perpustakaan Kemendukbangga